<?xml version="1.0" encoding="UTF-8"?>
<record
    xmlns:xsi="http://www.w3.org/2001/XMLSchema-instance"
    xsi:schemaLocation="http://www.loc.gov/MARC21/slim http://www.loc.gov/standards/marcxml/schema/MARC21slim.xsd"
    xmlns="http://www.loc.gov/MARC21/slim">

  <leader>00900cam a2200301 ib4500</leader>
  <controlfield tag="001">2449676</controlfield>
  <controlfield tag="003">YEEZEN</controlfield>
  <controlfield tag="005">20240819111905.0</controlfield>
  <controlfield tag="008">240716s2024    ch ac  g      000 0 chi d</controlfield>
  <datafield tag="020" ind1=" " ind2=" ">
    <subfield code="a">9786267333136</subfield>
    <subfield code="q">(&#x5E73;&#x88DD;) :</subfield>
    <subfield code="c">NT$420</subfield>
  </datafield>
  <datafield tag="040" ind1=" " ind2=" ">
    <subfield code="a">TCPL</subfield>
    <subfield code="b">chi</subfield>
    <subfield code="c">TCPL</subfield>
    <subfield code="e">ccr</subfield>
  </datafield>
  <datafield tag="042" ind1=" " ind2=" ">
    <subfield code="a">nbic</subfield>
  </datafield>
  <datafield tag="084" ind1=" " ind2=" ">
    <subfield code="a">415.635</subfield>
    <subfield code="2">ncsclt</subfield>
  </datafield>
  <datafield tag="090" ind1=" " ind2=" ">
    <subfield code="a">415.635</subfield>
  </datafield>
  <datafield tag="100" ind1="1" ind2=" ">
    <subfield code="a">&#x9673;&#x5EF7;&#x5B87;</subfield>
  </datafield>
  <datafield tag="245" ind1="1" ind2="0">
    <subfield code="a">&#x6700;&#x6F2B;&#x9577;&#x7684;&#x6691;&#x5047; : </subfield>
    <subfield code="b">&#x5154;&#x5BF6;KO ALL&#x5152;&#x7AE5;&#x767D;&#x8840;&#x75C5;&#x65E5;&#x8A18; / </subfield>
    <subfield code="c">&#x9673;&#x5EF7;&#x5B87;, &#x9673;&#x7E79;&#x5B89;&#x8457;</subfield>
  </datafield>
  <datafield tag="246" ind1="3" ind2="0">
    <subfield code="a">&#x5154;&#x5BF6;KO ALL&#x5152;&#x7AE5;&#x767D;&#x8840;&#x75C5;&#x65E5;&#x8A18;</subfield>
  </datafield>
  <datafield tag="250" ind1=" " ind2=" ">
    <subfield code="a">&#x521D;&#x7248;</subfield>
  </datafield>
  <datafield tag="260" ind1=" " ind2=" ">
    <subfield code="a">&#x65B0;&#x5317;&#x5E02; : </subfield>
    <subfield code="b">&#x67CF;&#x6A02;&#x51FA;&#x7248; : </subfield>
    <subfield code="b">&#x6613;&#x53EF;&#x6578;&#x4F4D;&#x884C;&#x92B7;&#x7E3D;&#x7D93;&#x92B7;, </subfield>
    <subfield code="c">2024.07</subfield>
  </datafield>
  <datafield tag="300" ind1=" " ind2=" ">
    <subfield code="a">261, [1]&#x9762; : </subfield>
    <subfield code="b">&#x5F69;&#x5716;, &#x50CF; ; </subfield>
    <subfield code="c">23&#x516C;&#x5206;</subfield>
  </datafield>
  <datafield tag="490" ind1="1" ind2=" ">
    <subfield code="a">&#x6A02;&#x6D3B; ; </subfield>
    <subfield code="v">19.</subfield>
  </datafield>
  <datafield tag="650" ind1=" " ind2="7">
    <subfield code="a">&#x901A;&#x4FD7;&#x4F5C;&#x54C1;</subfield>
    <subfield code="2">lcstt.</subfield>
  </datafield>
  <datafield tag="650" ind1=" " ind2="7">
    <subfield code="a">&#x767D;&#x8840;&#x75C5;</subfield>
    <subfield code="2">lcstt.</subfield>
  </datafield>
  <datafield tag="650" ind1=" " ind2="7">
    <subfield code="a">&#x5C0F;&#x5152;&#x79D1;</subfield>
    <subfield code="2">lcstt.</subfield>
  </datafield>
  <datafield tag="700" ind1="1" ind2=" ">
    <subfield code="a">&#x9673;&#x7E79;&#x5B89;</subfield>
  </datafield>
  <datafield tag="830" ind1=" " ind2="0">
    <subfield code="a">&#x6A02;&#x6D3B; ; </subfield>
    <subfield code="v">19.</subfield>
  </datafield>
  <datafield tag="942" ind1=" " ind2=" ">
    <subfield code="2">ccl</subfield>
    <subfield code="c">BOOK</subfield>
  </datafield>
  <datafield tag="999" ind1=" " ind2=" ">
    <subfield code="c">7579</subfield>
    <subfield code="d">7579</subfield>
  </datafield>
  <datafield tag="952" ind1=" " ind2=" ">
    <subfield code="0">0</subfield>
    <subfield code="1">0</subfield>
    <subfield code="2">ccl</subfield>
    <subfield code="4">0</subfield>
    <subfield code="7">0</subfield>
    <subfield code="a">yeezen</subfield>
    <subfield code="b">yeezen</subfield>
    <subfield code="c">YEEZEN</subfield>
    <subfield code="d">2024-08-19</subfield>
    <subfield code="l">3</subfield>
    <subfield code="m">2</subfield>
    <subfield code="o">415.635</subfield>
    <subfield code="p">C03161</subfield>
    <subfield code="r">2025-03-18 00:00:00</subfield>
    <subfield code="s">2025-03-14</subfield>
    <subfield code="w">2024-08-19</subfield>
    <subfield code="y">BOOK</subfield>
    <subfield code="z">&#x9019;&#x662F;&#x4E00;&#x500B;&#x65E2;&#x6EAB;&#x99A8;&#x53C8;&#x5FC3;&#x9178;&#x7684;&#x6545;&#x4E8B;,&#x539F;&#x672C;&#x6D3B;&#x8E66;&#x4E82;&#x8DF3;&#x3001;&#x5929;&#x4E0D;&#x6015;&#x5730;&#x4E0D;&#x6015;&#x7684;&#x5C0F;&#x5973;&#x5B69;&#x2500;&#x5154;&#x5BF6;,&#x5C0F;&#x5B78;&#x4E00;&#x5E74;&#x7D1A;&#x6691;&#x5047;&#x88AB;&#x91AB;&#x5E2B;&#x8A3A;&#x65B7;&#x51FA;&#x5152;&#x7AE5;&#x767D;&#x8840;&#x75C5;,&#x9019;&#x672C;&#x66F8;&#x8A18;&#x9304;&#x5979;&#x7F79;&#x764C;&#x5F8C;&#x4E00;&#x8DEF;&#x5B78;&#x7FD2;&#x611F;&#x53D7;&#x8207;&#x9762;&#x5C0D;&#x6050;&#x61FC;&#x7684;&#x9EDE;&#x6EF4;&#x3002;&#x5E78;&#x904B;&#x7684;&#x662F;,&#x5154;&#x5BF6;&#x64C1;&#x6709;&#x5E78;&#x798F;&#x7684;&#x5BB6;&#x5EAD;,&#x4EE5;&#x53CA;&#x4E00;&#x7FA4;&#x7D66;&#x529B;&#x7684;&#x89AA;&#x53CB;,&#x6301;&#x7E8C;&#x70BA;&#x5979;&#x7948;&#x798F;&#x3001;&#x7D66;&#x4E88;&#x5354;&#x52A9;&#x3002;&#x9664;&#x6B64;&#x4E4B;&#x5916;,&#x4E5F;&#x8981;&#x611F;&#x8B1D;&#x5979;&#x9858;&#x610F;&#x4E0D;&#x9867;&#x4E00;&#x5207;&#x52AA;&#x529B;&#x596E;&#x6230;,&#x5171;&#x540C;&#x6210;&#x5C31;&#x4E86;&#x9019;&#x500B;&#x6545;&#x4E8B;&#x3002;</subfield>
  </datafield>
</record>
